Реконструкция границы, положения и тока плазмы в токамаке КТМ по данным магнитной диагностики; Физико-технические проблемы в науке, промышленности и медицине. Российский и международный опыт подготовки кадров

Podrobná bibliografie
Parent link:Физико-технические проблемы в науке, промышленности и медицине. Российский и международный опыт подготовки кадров.— 2020.— [С. 34]
Hlavní autor: Ли А. М. Алексей Михайлович
Korporativní autor: Национальный исследовательский Томский политехнический университет Инженерная школа ядерных технологий Отделение ядерно-топливного цикла
Další autoři: Павлов В. М. Вадим Михайлович
Shrnutí:Заглавие с экрана
Jazyk:ruština
Vydáno: 2020
Témata:
On-line přístup:http://earchive.tpu.ru/handle/11683/63197
Médium: MixedMaterials Elektronický zdroj Kapitola
KOHA link:https://koha.lib.tpu.ru/cgi-bin/koha/opac-detail.pl?biblionumber=632090

MARC

LEADER 00000naa2a2200000 4500
001 632090
005 20231214135612.0
035 |a (RuTPU)RU\TPU\conf\33791 
035 |a RU\TPU\conf\33777 
090 |a 632090 
100 |a 20201008d2020 k y0rusy50 ca 
101 0 |a rus 
102 |a RU 
105 |a y z 101zy 
135 |a drgn ---uucaa 
181 0 |a i  
182 0 |a b 
200 1 |a Реконструкция границы, положения и тока плазмы в токамаке КТМ по данным магнитной диагностики  |f А. М. Ли, В. М. Павлов 
203 |a Текст  |c электронный 
300 |a Заглавие с экрана 
320 |a [Библиогр.: с. 34 (2 назв.)] 
338 |b Министерство науки и высшего образования РФ  |d 075-11-2019-013 , RFMEFI58519X0007 
463 0 |0 (RuTPU)RU\TPU\conf\33533  |t Физико-технические проблемы в науке, промышленности и медицине. Российский и международный опыт подготовки кадров  |o сборник научных трудов X Международной научно-практической конференции, г. Томск, 09 – 11 сентября 2020 г.  |f Национальный исследовательский Томский политехнический университет, Инженерная школа ядерных технологий ; Российский фонд фундаментальных исследований ; ред. кол. И. В. Шаманин, В. П. Кривобоков, А. Г. Горюнов, В. А. Карелин  |v [С. 34]  |d 2020 
610 1 |a труды учёных ТПУ 
610 1 |a электронный ресурс 
610 1 |a реконструкция 
610 1 |a границы 
610 1 |a положение 
610 1 |a токи 
610 1 |a плазма 
610 1 |a токамаки 
610 1 |a магнитная диагностика 
610 1 |a обработка данных 
700 1 |a Ли  |b А. М.  |c специалист в области информатики и вычислительной техники  |c программист Томского политехнического университета, аспирант  |f 1986-  |g Алексей Михайлович  |3 (RuTPU)RU\TPU\pers\30349 
701 1 |a Павлов  |b В. М.  |c специалист в области автоматики и электроники  |c доцент Томского политехнического университета, кандидат технических наук  |f 1965-  |g Вадим Михайлович  |3 (RuTPU)RU\TPU\pers\25738  |9 11640 
712 0 2 |a Национальный исследовательский Томский политехнический университет  |b Инженерная школа ядерных технологий  |b Отделение ядерно-топливного цикла  |3 (RuTPU)RU\TPU\col\23554 
801 2 |a RU  |b 63413507  |c 20201102  |g RCR 
856 4 |u http://earchive.tpu.ru/handle/11683/63197 
942 |c BK